Obchodné reťazce hypermarketov a maloobchodná sieť na Východnom Slovensku - vybrané problémy

Vzrast počtu maloobchodných predajní na Slovensku, najmä ostatnej nepotravinárskej predajnej plochy. Vzrast počtu hypermarketov, supermarketov, hobbymarketov a megastorov. Slovenskí výrobcovia a obchodné reťazce. Marketingový výskum vplyvu hypermarketov na ostatné maloobchodné jednotky. Výskum reali...

Ausführliche Beschreibung

Gespeichert in:
Bibliographische Detailangaben
1. Verfasser: Gajdoš, Jozef, 1962-2025
Format: Buchkapitel
Sprache:Slowakisch
Schlagworte:
Tags: Tag hinzufügen
Keine Tags, Fügen Sie das erste Tag hinzu!

MARC

LEADER 00000naa$a2200000$$$4500
001 0013131
005 20240502071358.2
041 0 |a slo 
044 |a SK 
245 1 0 |a Obchodné reťazce hypermarketov a maloobchodná sieť na Východnom Slovensku - vybrané problémy  |c Jozef Gajdoš 
520 |a Vzrast počtu maloobchodných predajní na Slovensku, najmä ostatnej nepotravinárskej predajnej plochy. Vzrast počtu hypermarketov, supermarketov, hobbymarketov a megastorov. Slovenskí výrobcovia a obchodné reťazce. Marketingový výskum vplyvu hypermarketov na ostatné maloobchodné jednotky. Výskum realizovaný v marci 2003 v mestách Východného Slovenska ukázal niektoré fakty o determinantoch výberu maloobchodnej siete, o plánovaní a impulzívnosti pri nakupovaní, o spokojnosti so službami. 
610 2 0 |a hypermarkety 
610 2 0 |a siete maloobchodné 
610 2 0 |a reťazce obchodné 
610 2 0 |a výrobcovia 
610 2 0 |a Slovensko 
610 2 0 |a výskum 
100 1 |a Gajdoš, Jozef, 1962-2025